000 00527nam a2200193Ia 4500
008
049 0 _aMAIN
090 _aREF TA9 GHO
100 1 _aGhose, N. D.
245 1 0 _aDictionary of civil engineering /
_cD. N. Ghose.
260 _aDelhi :
_bCBS,
_c1991.
300 _a494 p. :
_bill. ;
_c23 cm.
650 0 _aCivil engineering
_vDictionaries.
907 _a.b1022788x
_b05-02-07
_c29-01-07
003
005 20230120191428.0
040 _cNUST
942 _cBOOKS
_kREF TA9 GHO
999 _c100963
_d100963